000
00325cam a2200145ua 4500
041
_a
eng
_h
100
_a
singh, H.P .
245
_a
Banana cultivation In India
260
_a
Delhi :
_b
Farm Inf. Unit Govt. India ,
_c
1996.
300
_a
; .
504
_a
700
1
_a
Uma, S .
942
_c
BK
999
_c
12934
_d
12934